00870nam a2200253Ia 450000500170000000800410001702000150005810000250007324500720009825000190017030000270018949000250021665000440024165000480028565000400033365000380037370000400041126400310045133600270048233700330050933800280054204000350057008400110060520220317000708.0160601s1989 sp g 000 0 spa  a84853345661 aKordon, Klausd1943-10aSala de espera cKlaus Kordon ; traducción L. Rodríguez López a1a. edición  a129 páginas c19 cm  aLa joven colección142LEMBaNovela juvenil alemana ySiglo XX142LEMBaLiteratura juvenil alemana ySiglo XX142LEMBaAlcoholismo en la literatura 142LEMBaJóvenes en la literatura 1 aRodríguez López, L.etraductor  aSalamanca bLóguezc1989 atextobtxt2rdacontent asin mediaciónbn2rdamedia avolumenbnc2rdacarrier aCO-BoRNBPbspaerdacCO-BoRNBP aN KOR2